000 00665nam a2200181Ia 4500
008 090124s9999 xx 000 0 und d
082 _b36946
100 _aबर्वे राजेंद्र
245 _a भयगंड तुमचे उत्तर माझे
250 _a1
260 _bमनोविकास प्रकाशन
_c2000
300 _a111
600 _aबर्वे राजेंद्र
630 _a भयगंड तुमचे उत्तर माझे
700 _aबर्वे राजेंद्र
730 _a भयगंड तुमचे उत्तर माझे
942 _cBOOK
999 _c102928
_d102928